| 000 | 00818cam a22002054a 4500 | ||
|---|---|---|---|
| 005 | 20250605164124.0 | ||
| 008 | 250528s ||||||||||||||||||||||||d | ||
| 035 | _a18405 | ||
| 020 | _a818502711 | ||
| 040 |
_aGR-AtMCL _bgre _dGR-AtMCL _eAACR2 |
||
| 245 | 1 | _aCollege Algebra | |
| 260 |
_bBrooks/Cole Publishing Company, _c1979 |
||
| 300 | _a500 | ||
| 520 | _aReal Numbers, Solving Equations and Inequalities, Grphing Equations and Inequalities, Functions, Polynomial Functions, Sequences and Series and the Binomial Theorem, Exponential and Logarithmic Functions, Matrices and the Determinant Function, Combinatorics and Probability, The Nature of Mathematical Proof, Appendices, Index. | ||
| 700 | 1 |
_aBoyle Patrick J _94677 |
|
| 700 | 1 |
_aSmith Karl J _94678 |
|
| 942 | _cBK | ||
| 999 |
_c3766 _d3766 |
||